000 00371nam a2200145Ia 4500
008 230711s9999||||xx |||||||||||||| ||und||
041 _aENG
082 _a4
_bRA-M
100 _aRavichandran,N
245 0 _aMicrocomputers in materials management
250 _a1st Ed.
260 _c1991
_aNew Delhi
_bWiley Eastern Limited
650 _aComputer Engineering
942 _cBK
999 _c2708
_d2708